[Event "Challenge"]
[Site "http://www.queenalice.com/game.php?id=216436"]
[Date "2007.5.25"]
[Round "-"]
[White "maikorech"]
[Black "skoppel"]
[Result "1-0"]
[WhiteElo "1695"]
[BlackElo "1500"]

1. d4 d5 2. c3 Nf6 3. f3 g6 4. e4 Bg7 5. Bd3 O-O 6. Ne2 Qd7 7. O-O Qe8 8. e5 Nh5
9. Na3 c6 10. b4 Bd7 11. g4 f5 12. gxh5 gxh5 13. Bg5 h6 14. Bf4 Kh8 15. c4 Be6
16. Ng3 Kg8 17. Qd2 Kh8 18. Bxh6 Qg6 19. Bxg7+ Qxg7 20. cxd5 cxd5 21. Kh1 a6 22.
Nxh5 Qg6 23. Nf4 Nc6 24. Nxg6+ Kg7 25. Nxf8 Rxf8 26. b5 axb5 27. Nxb5 Kf7 28.
Nc7 Kg7 29. Rg1+ Kf7 30. Qf4 Rg8 31. Bxf5 Bxf5 32. Qxf5# 1-0

[Event "AUTO-OPEN-691"]
[Site "http://www.queenalice.com/game.php?id=222366"]
[Date "2007.6.8"]
[Round "1"]
[White "IkeBroflovski"]
[Black "skoppel"]
[Result "1-0"]
[WhiteElo "1665"]
[BlackElo "1442"]

1. Nf3 Nc6 2. d4 d5 3. c4 Nf6 4. cxd5 Qxd5 5. Nc3 Qd8 6. e3 g6 7. Be2 Bh6 8. O-O
O-O 9. e4 Bg4 10. Bxh6 Re8 11. d5 Bxf3 12. Bxf3 Ne5 13. Be2 Qd7 14. f4 Nc6 15.
dxc6 Qxc6 16. e5 Rad8 17. Qb3 1-0

[Event "AUTO-OPEN-691"]
[Site "http://www.queenalice.com/game.php?id=222367"]
[Date "2007.6.8"]
[Round "1"]
[White "skoppel"]
[Black "IkeBroflovski"]
[Result "0-1"]
[WhiteElo "1459"]
[BlackElo "1657"]

1. e3 e5 2. f3 d5 3. g3 f5 4. Bb5+ c6 5. Ba4 Nf6 6. d3 Bd6 7. Bb3 Be6 8. d4 e4
9. f4 Nbd7 10. Nh3 Qe7 11. O-O O-O 12. Ng5 h6 13. Nxe6 Qxe6 14. Nc3 Ng4 15. Qe2
Bb4 16. Bd2 Qg6 17. h4 Ndf6 0-1

[Event "AUTO-OPEN-691"]
[Site "http://www.queenalice.com/game.php?id=222388"]
[Date "2007.6.8"]
[Round "1"]
[White "skoppel"]
[Black "aquiles88"]
[Result "0-1"]
[WhiteElo "1459"]
[BlackElo "2087"]

1. e3 e5 2. f3 d5 3. g3 Nc6 4. Nc3 Nf6 5. Nh3 h6 6. d4 exd4 7. exd4 Bb4 8. Bb5
Bxh3 9. a3 Bxc3+ 10. bxc3 O-O 11. Qe2 Re8 12. Be3 Qe7 13. Rb1 Qxe3 14. g4 Qxc3+
15. Kf2 Rxe2+ 16. Kxe2 Nxd4+ 17. Kf2 Qxf3+ 18. Ke1 Qxh1+ 19. Kd2 Qxb1 20. Ba4 b5
21. Kc3 bxa4 0-1

[Event "AUTO-OPEN-691"]
[Site "http://www.queenalice.com/game.php?id=222389"]
[Date "2007.6.8"]
[Round "1"]
[White "aquiles88"]
[Black "skoppel"]
[Result "1-0"]
[WhiteElo "2104"]
[BlackElo "1459"]

1. Nc3 Nf6 2. e4 e5 3. Nf3 d6 4. d4 g6 5. dxe5 dxe5 6. Qxd8+ Kxd8 7. Bg5 Nd7 8.
O-O-O h6 9. Bxf6+ Be7 10. Bxh8 f6 11. Nd5 Bc5 12. Nxf6 Ke7 13. Nxd7 Bxd7 14.
Bxe5 Bc6 15. Bd3 Rd8 16. Bxc7 Rd7 17. Bg3 Ke6 18. Bc4+ Kf6 19. Rxd7 Bxd7 20. Rd1
1-0

[Event "AUTO-OPEN-691"]
[Site "http://www.queenalice.com/game.php?id=222390"]
[Date "2007.6.8"]
[Round "1"]
[White "skoppel"]
[Black "plano99"]
[Result "0-1"]
[WhiteElo "1389"]
[BlackElo "1591"]

1. e3 d5 2. Bb5+ c6 3. Bd3 Nf6 4. Be2 e5 5. d4 e4 6. Nh3 Bd6 7. Nf4 Bxf4 8. O-O
Nbd7 9. exf4 O-O 10. c3 Nb6 11. Be3 Nc4 0-1

[Event "AUTO-OPEN-691"]
[Site "http://www.queenalice.com/game.php?id=222391"]
[Date "2007.6.8"]
[Round "1"]
[White "plano99"]
[Black "skoppel"]
[Result "1-0"]
[WhiteElo "1599"]
[BlackElo "1378"]

1. d4 d5 2. Nf3 Nf6 3. Nc3 Nc6 4. e3 g6 5. Bb5 a6 6. Bxc6+ bxc6 7. O-O Bg4 8.
Na4 Ne4 9. Nc5 Nxc5 10. dxc5 Bg7 11. c3 Rb8 12. b3 1-0

[Event "AUTO-INT-486"]
[Site "http://www.queenalice.com/game.php?id=222606"]
[Date "2007.6.8"]
[Round "1"]
[White "skoppel"]
[Black "maikorech"]
[Result "0-1"]
[WhiteElo "1339"]
[BlackElo "1895"]

1. e4 e5 2. Bc4 Nf6 3. Nf3 Bc5 4. O-O O-O 5. Nxe5 d6 6. Nd3 Bg4 7. Qe1 d5 8.
exd5 Bd6 9. h3 Re8 10. Qxe8+ Qxe8 11. Re1 Be2 12. Nc3 Qd8 13. Rxe2 c6 14. Ne4
cxd5 15. Nxd6 Qxd6 16. Bb3 Nc6 17. c3 d4 18. c4 Re8 19. Kf1 h5 20. Bd1 Qh2 21.
Rxe8+ Nxe8 22. Bxh5 Qh1+ 23. Ke2 Qxg2 24. Nf4 Qe4+ 25. Kf1 Qxf4 26. d3 Qf5 27.
Bg4 Qxd3+ 28. Kg2 Ne5 29. b3 f5 30. Bh5 Nf6 31. f4 Nxh5 32. fxe5 Qg3+ 33. Kf1
Qxe5 34. Bb2 Nf4 35. Re1 Qa5 36. Re7 Qd2 0-1

[Event "AUTO-INT-486"]
[Site "http://www.queenalice.com/game.php?id=222607"]
[Date "2007.6.8"]
[Round "1"]
[White "maikorech"]
[Black "skoppel"]
[Result "0-1"]
[WhiteElo "1906"]
[BlackElo "1389"]

1. d4 d5 2. Nc3 e6 3. Nf3 f6 4. e4 dxe4 5. Nxe4 Nc6 6. Bb5 Qd5 7. Nc3 Qd8 8. O-O
a6 9. Ba4 e5 10. Re1 Bd7 11. dxe5 Bg4 12. Qd5 Qxd5 13. Nxd5 O-O-O 14. Rd1 Be6
15. c4 fxe5 16. Bg5 Be7 17. Nxe7+ Ngxe7 18. Bxe7 Nxe7 19. Nxe5 Rhf8 20. Rd4 Rxd4
21. Rd1 Rxd1+ 22. Bxd1 Rd8 23. Bb3 Ng6 24. Nxg6 hxg6 25. f4 Rd2 26. h4 Rxb2 27.
g3 c5 28. Bd1 Rxa2 29. Bf3 Bxc4 30. g4 Be2 31. Bxe2 Rxe2 32. h5 gxh5 33. gxh5 a5
34. f5 Kd8 35. f6 gxf6 36. h6 Re8 0-1

[Event "AUTO-INT-486"]
[Site "http://www.queenalice.com/game.php?id=222608"]
[Date "2007.6.8"]
[Round "1"]
[White "skoppel"]
[Black "Kritikos"]
[Result "0-1"]
[WhiteElo "1364"]
[BlackElo "1707"]

1. e4 c5 2. g3 Nc6 3. Nf3 d5 4. d3 dxe4 5. dxe4 Bg4 6. Bc4 Qxd1+ 7. Kxd1 Bxf3+
8. Ke1 Bxh1 9. Nd2 Nd4 10. Kd1 Nf6 11. c3 Nf3 12. Bd3 Nxd2 13. Bxd2 Bf3+ 14. Kc2
Bxe4 15. Re1 Bxd3+ 16. Kxd3 e6 17. c4 Rd8+ 0-1

[Event "AUTO-INT-486"]
[Site "http://www.queenalice.com/game.php?id=222609"]
[Date "2007.6.8"]
[Round "1"]
[White "Kritikos"]
[Black "skoppel"]
[Result "1-0"]
[WhiteElo "1704"]
[BlackElo "1368"]

1. d4 d5 2. c4 g6 3. Nc3 Nf6 4. Bg5 h6 5. Bxf6 exf6 6. cxd5 Bb4 7. Qa4+ Nc6 8.
dxc6 O-O 9. Qxb4 Re8 10. Nf3 bxc6 11. Qc4 Be6 12. Qxc6 Bg4 13. d5 Bd7 14. Qc4
Rb8 15. b3 Kg7 16. e3 Bg4 17. e4 Qd7 18. Nd2 1-0

[Event "AUTO-INT-486"]
[Site "http://www.queenalice.com/game.php?id=222610"]
[Date "2007.6.8"]
[Round "1"]
[White "skoppel"]
[Black "Wecker"]
[Result "0-1"]
[WhiteElo "1349"]
[BlackElo "1517"]

1. e3 d5 2. Nf3 Nf6 3. d3 Nc6 4. g3 e5 5. Bg2 Bd6 6. d4 Bg4 7. h3 Bxf3 8. Qxf3
e4 9. Qe2 Qe7 10. Nc3 O-O-O 11. O-O g5 12. a3 h5 13. Nb5 g4 14. f4 exf3 15. Qe1
fxg2 16. Kxg2 Ne4 0-1

[Event "AUTO-INT-486"]
[Site "http://www.queenalice.com/game.php?id=222611"]
[Date "2007.6.8"]
[Round "1"]
[White "Wecker"]
[Black "skoppel"]
[Result "1-0"]
[WhiteElo "1507"]
[BlackElo "1362"]

1. f4 e6 2. d4 d5 3. Nc3 Nf6 4. Nf3 Nc6 5. h3 h6 6. e3 Be7 7. Bd2 Bb4 8. Bb5 O-O
9. Bxc6 bxc6 10. Qe2 Re8 11. Ne5 Bb7 12. O-O-O Ne4 13. Nxe4 dxe4 14. Bxb4 f6 15.
Ng6 e5 16. dxe5 fxe5 17. Rxd8 Raxd8 18. Nxe5 1-0

[Event "AUTO-OPEN-696"]
[Site "http://www.queenalice.com/game.php?id=224056"]
[Date "2007.6.12"]
[Round "1"]
[White "skoppel"]
[Black "Luke1416"]
[Result "0-1"]
[WhiteElo "1407"]
[BlackElo "1542"]

1. e4 e5 2. Nf3 d6 3. g3 Nf6 4. Bg2 Nxe4 5. O-O Be7 6. d3 Nf6 7. h3 O-O 8. Nc3
Nc6 9. Be3 d5 10. d4 exd4 11. Nxd4 Nxd4 12. Bxd4 c5 13. Bxf6 Bxf6 14. Nxd5 Bxb2
15. Rb1 Bd4 16. Nf4 Rb8 17. Re1 Qa5 18. Bd5 Rd8 19. Re7 Kf8 0-1

[Event "AUTO-OPEN-696"]
[Site "http://www.queenalice.com/game.php?id=224057"]
[Date "2007.6.12"]
[Round "1"]
[White "Luke1416"]
[Black "skoppel"]
[Result "1-0"]
[WhiteElo "1530"]
[BlackElo "1428"]

1. e4 e5 2. Nf3 d6 3. Be2 f6 4. O-O g6 5. c4 c6 6. b4 Bh6 7. c5 Be6 8. d4 dxc5
9. dxc5 Qd7 10. Bxh6 Nxh6 11. Nc3 O-O 12. Qc2 Rd8 13. Rfd1 Qc7 14. Rxd8+ Qxd8
15. Rd1 Nd7 16. b5 Nxc5 17. Rxd8+ Rxd8 18. bxc6 bxc6 19. Na4 Nxa4 20. Qxa4 1-0